Flamengo: Times históricos (1981) - Statistics

Estatísticas Gerais
  • Esse quiz foi jogado 144 vezes
    75 desde o último reset
  • A pontuação média é 10 de 30
Estatísticas das Respostas
Imagem Resposta % Correto
Zico
98%
Júnior
97%
Leandro
90%
Andrade
88%
Adílio
85%
Raul Plasmann
80%
Nunes
78%
Mozer
76%
Tita
69%
Carpegiani
59%
Lico
54%
Marinho
49%
Rondinelli
25%
Cantarele
17%
Júlio César Uri Geller
14%
Figueiredo
8%
Vitor Silva
8%
Anselmo
7%
Baroninho
5%
Reinaldo
5%
Luiz Pereira
3%
Nei dias
3%
Peu
3%
Carlos Alberto
2%
Fumanchu
2%
Lino
2%
Carlos Henrique
0%
Chiquinho Carioca
0%
Edson
0%
Ronaldo Marques
0%
Nenhum quiz correspondente encontrado
Distribuição das Pontuações
Porcentagem de Pessoas com Cada Pontuação
Percentil de Números Respondidos
Sua Pontuação Histórica
Você não jogou esse quiz desde o último reset